00957nam a22002897a 4500003000500000005001700005008004100022010001000063011001000073035001000083040000900093082002200102110006800124245002500192260002700217300001000244590004100254590004100295590004100336590004200377650002800419901000700447942001000454949006300464999001700527952012300544CHAP20220329134348.0971013s1968 r 00010 d a19360 a20332 a24420 cCHAP a632.058bA54 1968 aThe American Phytophatological Society. St. Paul, Minn.9112621 aDirectory of members aSt. Paul, Minn.,c1968 a105 p aBATCH-UPDb10c20130110lUCH01h0021 aBATCH-UPDb10c20130409lUCH01h2001 aBATCH-UPDb10c20130914lUCH01h1415 aCONVERSIONb10c20130109lUCH01h131214aFitopatólogos.941179 aBK cLIBRO a632.058 A54 1968bBCcBPAd-56266eBPAh12140i24420mDsi c19360d19360 01104053708MDaBCbBCd2019-12-31fLIBROi127l0o632.058 A54 1968p-56266r2019-12-31 00:00:00w2019-12-31yLIBRO